The secret history of the Lord of Musashi ; and, Arrowroot /

Bibliographic Details
Main Author: Tanizaki, Jun'ichirō, 1886-1965
Format: Book
Language:English
Japanese
Published: New York : Knopf : 1982.
Edition:1st ed.

MARC

Tag First Indicator Second Indicator Subfields
LEADER 00000pam a2200000 a 4500
001 in00000084447
005 20151008061403.0
008 811125s1982 nyu 00011 eng
010 |a  81048257  
020 |a 0394524543 :  |c $11.95 
035 |a (OCoLC)08033611 
035 |9 AAJ7949AM 
040 |a DLC  |c DLC  |d TXA  |d UtOrBLW 
041 1 |a eng  |a jpn 
049 |a TXAM  |c [388261] 
050 0 0 |a PL839.A7  |b A23 1982 
082 0 |a 895.6/34  |2 19 
100 1 |a Tanizaki, Jun'ichirō,  |d 1886-1965. 
240 1 0 |a Bushū-kō hiwa.  |l English 
245 1 4 |a The secret history of the Lord of Musashi ; and, Arrowroot /  |c Junichiro Tanizaki ; translated by Anthony H. Chambers. 
250 |a 1st ed. 
264 1 |a New York :  |b Knopf :  |c 1982. 
264 2 |a New York :  |b Distributed by Random House, 
300 |a xi, 199 pages ;  |c 23 cm. 
336 |a text  |b txt  |2 rdacontent 
337 |a unmediated  |b n  |2 rdamedia 
338 |a volume  |b nc  |2 rdacarrier 
500 |a Translation of: Bushu Ko hiwa and Yoshino-kuzu. 
700 1 2 |a Tanizaki, Jun'ichirō,  |d 1886-1965.  |t Yoshinokuzu.  |l Italian.  |l English.  |f 1982. 
740 0 2 |a Arrowroot. 
999 |a MARS 
999 f f |s e8f6202f-fbb8-3fe8-af81-3f45b48c3dbc  |i a38dc524-1c5f-33a0-8b87-6fd1dadfce00  |t 0 
952 f f |p ric  |a Texas A&M University  |b Rellis Campus  |c Joint Library Facility  |d Remote Storage  |t 0  |e PL839.A7 A23 1982  |h Library of Congress classification  |i unmediated -- volume  |m A14806176505 
998 f f |a PL839.A7 A23 1982  |t 0  |l Remote Storage